Missing Word: Amy Adams Quiz Stats

 Plays Quiz Updated Oct 28, 2017

Challenge
Share
Tweet
Embed
Score 0/20 Timer 03:00
0 Plays Today
Amy Adams Movie Missing Word % Correct
_____ Me If You CanCatch
97.6%
_____ Dead GorgeousDrop
94.1%
_____ of SteelMan
90.5%
Julie & _____Julia
89%
Charlie Wilson's _____War
88.8%
Talladega Nights: The _____ of Ricky BobbyBallad
63.9%
American _____Hustle
58.2%
Nocturnal _____Animals
54.8%
Miss Pettigrew Lives for a _____Day
47%
_____ YearLeap
42.6%
Amy Adams Movie Missing Word % Correct
_____ EyesBig
37.4%
Trouble with the _____Curve
37.3%
The _____ DateWedding
33.7%
_____ CleaningSunshine
30.1%
On the _____Road
18.3%
Moonlight _____Serenade
17%
Standing _____Still
16.7%
The _____ RunLast
16.2%
Serving _____Sara
14.5%
The Slaughter _____Rule
8.2%

Today's Daily Dose

Missing Word
Madam, I'm Adam

Quick Pick
Meat vs Animal

On This Day
October 21st II

You're not logged in!

Compare scores with friends on all Sporcle quizzes.
Join for Free
OR
Log In

You Might Also Like...

Show Comments

Extras

Top Quizzes Today


Score Distribution

Your Account Isn't Verified!

In order to create a playlist on Sporcle, you need to verify the email address you used during registration. Go to your Sporcle Settings to finish the process.

Report this User

Report this user for behavior that violates our Community Guidelines.

Details: